| 000 | 00622nam a2200229Ia 4500 | ||
|---|---|---|---|
| 008 | 160418s9999 xx 000 0 und d | ||
| 020 | _a971-8957-07-3 | ||
| 050 | _aFIL DS 676.8 | ||
| 050 | _b.A1T67 2003 | ||
| 100 | _aTorres, Karmina D. | ||
| 245 | _aBayani / | ||
| 245 | _cKarmina D. Torres. | ||
| 260 | _aCaloocan City : | ||
| 260 | _bPhilippine Graphics Arts, Inc., | ||
| 260 | _c2003 | ||
| 300 | _a180 pages : | ||
| 300 | _billustrations ; | ||
| 300 | _c19 cm. | ||
| 500 | _aIncludes bibliographical references. | ||
| 650 | _aHeroes -- Philippines -- Biography. | ||
| 650 | _xPhilippines -- History. | ||
| 999 |
_c293666 _d293666 |
||